| 000 | 01331 a2200289 4500 | ||
|---|---|---|---|
| 003 | NUST | ||
| 005 | 20221121140526.0 | ||
| 010 | _a 89025089 | ||
| 020 | _a0471619833 | ||
| 040 | _cNust | ||
| 082 | 0 | 0 | _a515.36,HAN |
| 100 | 1 |
_aHanna, J. Ray. _9103283 |
|
| 245 | 1 | 0 |
_aFourier series, transforms, and boundary value problems / _cJ. Ray Hanna, John H. Rowland |
| 250 |
_a2nd ed. / _bJ. Ray Hanna and John H. Rowland. |
||
| 260 |
_aNew York : _bWiley, _cc1990. |
||
| 300 |
_axii, 354 p. : _bill. ; _c25 cm. |
||
| 490 | 1 | _aPure and applied mathematics | |
| 505 | _aLinear Differential Equations (Page-1), Orthogonal Sets Of Functions (Page-40), Fuorier Series (Page-68), Fourier Integral (Page-102), Bessel Functions (Page-117), Legendre Polynomial (Page-142), Integral Transforms (Page-168), Applications Of Bvps (Page-219), Additional Applications (Page-270). | ||
| 650 | 0 |
_aBoundary value problems. _9689 |
|
| 650 | 0 |
_aFourier series. _939035 |
|
| 700 | 1 |
_aHanna, J. Ray. _9103283 |
|
| 700 | 1 |
_aRowland, John H. _9103284 |
|
| 830 | 0 |
_aPure and applied mathematics (John Wiley & Sons : unnumbered) _912576 |
|
| 856 | 4 | 2 |
_3Publisher description _uhttp://www.loc.gov/catdir/description/wiley031/89025089.html |
| 856 | 4 | 2 |
_3Table of Contents _uhttp://www.loc.gov/catdir/toc/onix01/89025089.html |
| 942 |
_2ddc _cBK _k515.36,HAN |
||
| 999 |
_c181865 _d181865 |
||